Taylor Swift - Paroles The Story of Us - Statistiques

Statistiques générales
  • Ce quiz a été pris 59 fois
  • Le résultat moyen est 401 sur 453
Statistiques - réponses
Hint Réponse % Correct
story
100%
the
100%
The
100%
a
97%
an
97%
and
97%
And
97%
Couplet 1 I
97%
in
97%
Is
97%
is
97%
it
97%
it's
97%
me?
97%
me
97%
me,
97%
Now
97%
now
97%
now,
97%
of
97%
Of
97%
to
97%
us
97%
we
97%
we're
97%
were
97%
you
97%
don't
95%
end
95%
I'm
95%
know
95%
like
95%
room
95%
what
95%
When
95%
when
95%
alone
92%
crowded
92%
look
92%
next
92%
Post-refrain Next
92%
not
92%
on
92%
say,
92%
say
92%
So
92%
speaking
92%
this
92%
Bridge This
92%
be
89%
chapter
89%
day
89%
dying
89%
killing
89%
standing
89%
tragedy
89%
all
87%
But
87%
but
87%
down
87%
How
87%
how
87%
Pré-refrain Oh,
87%
one
87%
was
87%
Yeah
87%
yeah
87%
your
87%
break
84%
broke
84%
ending
84%
for
84%
lot
84%
See
84%
see
84%
tell
84%
they
84%
think
84%
are
82%
can
82%
can't
82%
'Cause
82%
knew
82%
looks
82%
met
82%
my
82%
never
82%
that
82%
twist
82%
used
82%
who
82%
Why
82%
you're
82%
busy
79%
empty
79%
fate
79%
love
79%
lucky
79%
might
79%
place
79%
searching
79%
seat
79%
since
79%
soon
79%
through
79%
up
79%
wish
79%
would
79%
heard
76%
ones"
76%
out
76%
page
76%
people
76%
saw
76%
side
76%
silence
76%
sparks
76%
"They're
76%
walls
76%
way?
76%
we'd
76%
even
74%
flew
74%
have
74%
here
74%
instantly
74%
loud
74%
many
74%
pretending
74%
quite
74%
simple
74%
things
74%
you'd
74%
complication
71%
fall
71%
fight
71%
If
71%
I'll
71%
I've
71%
lead
71%
nothing?
71%
rather
71%
avoid
68%
better
68%
held
68%
I'd
68%
lately
68%
looking
68%
mind
68%
miss
68%
nervously
68%
spot
68%
than
68%
best
66%
Couplet 2 How'd
66%
liked
66%
pride
66%
should
66%
trying
66%
care
63%
contest
63%
doing
63%
hands
63%
less
63%
losing
63%
starting
63%
Miscommunications
61%
scared
61%
act
58%
going
58%
armor
55%
at
55%
clothes
50%
pulling
47%
battle's
45%
lay
39%
Aucun quiz correspondant
Distribution des résultats
% des personnes avec chaque résultat
Percentile par nombre de réponses
Votre historique - résultats
Vous n’avez pas pris ce quiz